000 00728nam a2200229Ii 4500
003 JO-AjNU
008 230605s9999||||xx |||||||||||||| ||und||
017 _a2011/6/2194
020 _a978-9957-70-499-5
040 _aJO-AjNU
_bara
_erda
_cJO-AjNU
041 _aara
050 1 4 _aPJ6696 2012
100 3 _aالشايب، فوزي حين,
_eauthor
_943315
245 0 0 _aقراءات وأصوات
250 _aط1
264 3 1 _aاربد - الاردن: عالم الكتب الحديث للنشر والتوزيع، 2012
300 _a213ص
336 _atext
_btxt
_2rdacontent
337 _aunmediated
_bn
_2rdamedia
338 _avolume
_bnc
_2rdacarrier
650 4 _aاللغة العربية - الاصوات
_943316
999 _aA18613
_c22181
_d22181